00579 2200205 4500001002100000005001700021008004100038020002200079035002400101040001200125082001100137090002100148100001300169245007700182260002700259300003300286650002000319850001200339990002200351YOGYA-0212000000079220120227191201.0 ind  a978-979-29-1689-8 0010-021200000000792 aYOPDYOG a005.54 aDEP 005.54 Ret B aRetna G. aBelajar cepat Microsoft Excel 2010 /cRetna G; editor, Th.Arie Prabawati aYogyakartabAndic2010 aviii, 198 hlm.bilus.c23 cm aMicrosoft Excel aYOPDYOG aCB-D.11-2010-1976